| 000 | 00497nam a22001697a 4500 | ||
|---|---|---|---|
| 005 | 20251108171751.0 | ||
| 008 | 250721s1984 xx 000 0 ara d | ||
| 082 | 1 | 4 | _a692/شري |
| 100 | 1 | _aالشريف، روحي لطفي | |
| 245 | 1 | 0 | _aإنشاء المباني / |
| 264 | 1 |
_aعمان : _bالمؤلف، _c1984. |
|
| 300 | _a2ج | ||
| 500 | _aج1- الأعمال الهيكليه (العظم) ، ج2- التشطيبات | ||
| 650 | 1 | 7 | _aالبناء |
| 942 |
_2ddc _cBK |
||
| 999 |
_c61999 _d61999 |
||